000
00314nam a22001457a 4500
008
210303b ||||| |||| 00| 0 eng d
020
_a
9780205029372
041
_a
eng
080
_2
6th
_a
37
082
_a
37
100
_a
25
101
_a
EDU
245
_a
Working in Groups
_c
Engleberg, I.N
942
_2
udc
_c
BK
999
_c
55557
_d
55557